000
00294nam a22001337a 4500
008
180209b xxu||||| |||| 00| 0 eng d
020
_a
9780030686887
041
_a
eng
080
_2
4 ed
_a
37
100
_a
48
101
_a
edu
245
_a
elements of language
_c
lee.o
942
_2
udc
_c
BK
999
_c
42227
_d
42227